Propuesta para la instalación de un invernadero para la producción de flores en el municipio de Tlajomulco de Zúñiga /
Furkejuvvon:
| Váldodahkki: | |
|---|---|
| Materiálatiipa: | Oahppočájánas Girji |
| Giella: | espánnjágiella |
| Fáttát: | |
| Fáddágilkorat: |
Eai fáddágilkorat, Lasit vuosttaš fáddágilkora!
|
MARC
| LEADER | 00000nam^a2200000^a^4500 | ||
|---|---|---|---|
| 001 | 000182744 | ||
| 005 | 20250521000000.0 | ||
| 009 | 20260310102017.429 | ||
| 037 | |a Acervo ITESO - Biblioteca | ||
| 041 | |a ESP | ||
| 090 | |a MAD. 104 | ||
| 100 | |a Mendoza Flores, María del Carmen |e (autor) | ||
| 245 | 1 | 0 | |a Propuesta para la instalación de un invernadero para la producción de flores en el municipio de Tlajomulco de Zúñiga / |c M.C. Mendoza Flores. |
| 264 | |a Guadalajara, México : |b edición de autor, |c 2005 | ||
| 300 | |a 1 disco compacto de computadora | ||
| 336 | |a datos para computadora |b cod |2 rdacontenido | ||
| 337 | |a computadora |b c |2 rdamedio | ||
| 338 | |a disco de computadora |b cd |2 rdasoporte | ||
| 502 | |a ITESO Reporte de Posgrado para Maestría en Administración | ||
| 649 | |a XX | ||
| 650 | |a Flores - |z Tlajomulco de Zúñiga, Jalisco - |x Aspectos Económicos | ||
| 650 | |a Flores - |z Jalisco - |x Aspectos Económicos | ||
| 650 | |a Flores - |z México - |x Aspectos Económicos | ||
| 650 | |a Hidroponía | ||
| 650 | |a Industria Agropecuaria - |x Administración | ||
| 650 | |a Invernaderos - |x Administración | ||
| 650 | |a Planeación de una Industria | ||
| 650 | |a Formación de Empresas | ||
| 650 | |a Administración Financiera | ||
| 650 | |a Distribución del Producto | ||
| 650 | |a Promoción del Producto | ||
| 650 | |a Mezcla de Mercadotecnia | ||
| 650 | |a Mercadotecnia | ||
| 650 | |a Mercadotecnia | ||
| 650 | |a Administración | ||
| 650 | |a Ciencias Administrativas | ||
| 910 | |a Fondo General | ||
| 920 | |a Electrónicos - Tesis del ITESO en Disco | ||
| 905 | |a 202 | ||
| 901 | |a 0500122622 |b IT2 |c STS |u 20250521 | ||
| 902 | |a https://opac.biblio.iteso.mx/vufind/Record/000182744 | ||